00386 2200157 4500001002100000005001500021035002000036245004400056100001800100300002600118260002800144082000800172084001400180020002200194990001200216INLIS00000000000298520250918071341 a0010-09250003321 aMy Best Friend Forever /cKhansa Akifah0 aKhansa Akifah a170 hlm ;c13 x 19 cm aJakarta :bZettu,c2019 a813 a813 KHA m a978-602-6409-99-7 a0755648